Statistics for Chicago Bulls Leaders Per Year

Click here to take the quiz!

General Stats

  • This quiz has been taken 342 times
    (75 since last reset)
  • The average score is 20 of 68

Answer Stats

Player % Correct
Michael Jordan
100%
Scottie Pippen
95%
Derrick Rose
93%
Jalen Rose
93%
Dennis Rodman
92%
Joakim Noah
83%
Zach LaVine
80%
Jimmy Butler
75%
Artis Gilmore
66%
Lauri Markkanen
63%
Toni Kukoc
58%
Horace Grant
58%
Jerian Grant
58%
Kirk Hinrich
53%
Pau Gasol
49%
Carlos Boozer
47%
Bob Boozer
47%
Luc Longley
47%
Wendell Carter Jr.
46%
Kris Dunn
42%
Bob Love
42%
Taj Gibson
41%
John Paxson
39%
Elton Brand
39%
Ron Harper
39%
Ben Gordon
37%
Charles Oakley
34%
Ben Wallace
32%
Jerry Sloan
32%
Mickey Johnson
31%
Tyson Chandler
29%
Nate Robinson
29%
Robin Lopez
29%
Rajon Rondo
27%
Eddy Curry
24%
Norm Van Lier
17%
Tyrus Thomas
17%
Reggie Theus
15%
Ron Artest
15%
Orlando Woolridge
15%
Jamal Crawford
14%
Antonio Davis
14%
Randy Brown
12%
Ronnie Brewer
10%
Tom Boerwinkle
8%
Chet Walker
7%
Nate Thurmond
7%
Kyle Macy
7%
Dave Corzine
7%
Donyell Marshall
5%
Marcus Fizer
5%
Fred Hoiberg
3%
Greg Anthony
3%
Dickey Simpkins
3%
Brad Sellers
3%
Justin Holiday
2%
Jim Washington
2%
Guy Rodgers
2%
Clifford Ray
2%
Gene Banks
2%
Dave Greenwood
2%
Quintin Dailey
2%
Ennis Whatley
0%
Jawann Oldham
0%
Ricky Sobers
0%
Wilbur Holland
0%
Clem Haskins
0%
Keith Erickson
0%

Score Distribution

Percentile by Number Answered

Percent of People with Each Score

Your Score History

You have not taken this quiz since the last reset